तुलसी शतदल (Record no. 1435298)

MARC details
000 -LEADER
fixed length control field 00616nam a22001937a 4500
005 - DATE AND TIME OF LATEST TRANSACTION
control field 20250910123229.0
008 - FIXED-LENGTH DATA ELEMENTS--GENERAL INFORMATION
fixed length control field 250910b |||||||| |||| 00| 0 eng d
037 ## - SOURCE OF ACQUISITION
Terms of availability TB
040 ## - CATALOGING SOURCE
Original cataloging agency CL
Transcribing agency CL
041 ## - LANGUAGE CODE
Source of code Hin
Language code of text/sound track or separate title Hindi
100 ## - MAIN ENTRY--PERSONAL NAME
Personal name वत्सराज
9 (RLIN) 820994
245 ## - TITLE STATEMENT
Title तुलसी शतदल
260 ## - PUBLICATION, DISTRIBUTION, ETC.
Place of publication, distribution, etc. भारत, राजस्थान
Name of publisher, distributor, etc. आर्दश साहित्य संघ
Date of publication, distribution, etc. 1999
300 ## - PHYSICAL DESCRIPTION
Extent 112पृ.
365 ## - TRADE PRICE
Price amount 15
Currency code INR
700 ## - ADDED ENTRY--PERSONAL NAME
Personal name वत्सराज
Relator term ।नण्
9 (RLIN) 820994
942 ## - ADDED ENTRY ELEMENTS (KOHA)
Source of classification or shelving scheme Colon Classification (CC)
Koha item type Textbook
Suppress in OPAC No
Holdings
Withdrawn status Lost status Source of classification or shelving scheme Damaged status Not for loan Home library Current library Date acquired Source of acquisition Cost, normal purchase price Inventory number Total Checkouts Barcode Date last seen Price effective from Koha item type
    Colon Classification (CC)     Central Library Central Library 2025-09-10 Eastern book linkers 15.00 520& 1999-02-15   CL1208497 2025-09-10 2025-09-10 Textbook
Copyright @ Delhi University Library System